10 największych miast Rosji - Statystyki

Ogólne statystyki
  • Ten quiz został rozwiązany 168 razy
  • Średni wynik to 6 z 10
Statystyki odpowiedzi
# Populacja Miasto % Poprawnych
1. 12 655 050 Moskwa
100%
2. 5 384 342 Petersburg
99%
5. 1 257 341 Kazań
74%
3. 1 620 162 Nowosybirsk
61%
4. 1 495 066 Jekaterynburg
58%
6. 1 244 254 Niżny Nowogród
54%
10. 1 137 904 Rostów nad Donem
54%
9. 1 154 50 Omsk
44%
8. 1 156 659 Samara
39%
7. 1 187 960 Czelabińsk
31%
Nie znaleziono quizów pasujących do podanych kryteriów
Rozkład punktacji
Procent ludzi z każdym wynikiem
Percentyl według liczby udzielonych odpowiedzi
Twoja historia wyników
Nie rozwiązałeś tego quizu